The journal of Eugène Delacroix : a selection

Αποθηκεύτηκε σε:
Λεπτομέρειες βιβλιογραφικής εγγραφής
Κύριος συγγραφέας: Delacroix, Eugène, 1798-1863
Άλλοι συγγραφείς: Wellington, Hubert (Επιμελητής έκδοσης)
Μορφή: Βιβλίο
Γλώσσα:English
French
Δημοσίευση: London : Phaidon Press, c1995.
Έκδοση:3rd ed.
Σειρά:Arts & letters
Θέματα:
Ετικέτες: Προσθήκη ετικέτας
Δεν υπάρχουν, Καταχωρήστε ετικέτα πρώτοι!

MARC

LEADER 00000cam a2200000 i 4500
001 1/77625
008 080317s1995 enk| ||| |||| ||eng||
020 |a 0714833592 
035 |l 10095510 
040 |a GR-MyUa  |b gre  |e AACR2 
041 1 |a eng  |h fre 
082 7 |a 700.92   |2 (22) 
100 1 |a Delacroix, Eugène,   |d 1798-1863. 
245 1 4 |a The journal of Eugène Delacroix :   |b a selection /  |c edited with an introduction by Herbert Wellington ; translated by Lucy Norton.  
250 |a 3rd ed. 
260 |a London :   |b Phaidon Press,   |c c1995.  
300 |a 458 σ. :   |b 81 πίν. ;   |c 19 εκ. 
490 1 |a (Arts & letters) 
504 |a Βιβλιογραφία: σ. [554]. Ευρετήριο.  
600 1 0 |a Delacroix, Eugène,   |d 1798-1863  |x Diaries. 
650 0 0 |a Painters  |z France  |x Diaries. 
700 1 |a Wellington, Hubert,  |e edt 
830 0 |a Arts & letters 
852 |a INST  |b SYROS  |e 20080317  |h 700.92 DEL  |p 005500006348  |q 005500006348  |t BK  |y 0 
901 |a BIBL5-2008-1 
922 |a 5ΕΛΗ  |b 200709  |c Βιβλιοθήκη Σύρου  |d Glorybook 
970 |a Καγιαβά  |b Ειρήνη  |z 17/03/2008